Ježko Sonic. Osud Dr. Eggmana /
Komiksová dobrodružství ježka Sonica známého z videoher a animovaných seriálů.
Uloženo v:
| Série: | Ježko Sonic,
část 2 |
|---|---|
| Hlavní autor: | |
| Další autoři: | , , , |
| Médium: | E-kniha |
| Jazyk: | Slovak |
| Vydáno: |
V Prahe :
Egmont,
2023
|
| Vydání: | Prvé vydanie |
| Témata: | |
| Příbuzné jednotky: | Přeloženo z:
Sonic the Hedgehog Z cyklu:: Ježko Sonic |
| Tagy: |
Žádné tagy |
| LEADER | 02415nam a2200553 i 4500 | ||
|---|---|---|---|
| 001 | 312156 | ||
| 003 | CZ PrSKC | ||
| 005 | 20260601215718.0 | ||
| 007 | ta | ||
| 008 | 231010s2023 xr a b 6 000 1 slo | ||
| 015 | |a cnb003554516 | ||
| 020 | |a 9788025255971 |q (brožováno) | ||
| 035 | |a (OCoLC)1408815713 | ||
| 040 | |a ABG001 |b cze |e rda | ||
| 041 | 1 | |a slo |h eng | |
| 072 | 7 | |a 741.52 |x Komiksy. Komiksové adaptace |2 Konspekt | |
| 072 | 7 | |a 821-93 |x Literatura pro děti a mládež (beletrie) |2 Konspekt | |
| 080 | |a 741.52(0:82-321.3) |2 MRF | ||
| 080 | |a 821-93 |2 MRF | ||
| 100 | 1 | |a Flynn, Ian, |d 1982- |7 xx0263812 |4 aut | |
| 240 | 1 | 0 | |a Fate of Dr. Eggman. |l Slovensky |
| 245 | 1 | 0 | |a Ježko Sonic. |p Osud Dr. Eggmana / |c autor Ian Flynn ; kresby Tracy Yardley, Adam Bryce Thomas, Evan Stanley ; z anglického originálu ... do slovenčiny preložila Zuzana Močková Lorková |
| 246 | 3 | 0 | |a Osud Dr. Eggmana |
| 250 | |a Prvé vydanie | ||
| 264 | 1 | |a V Prahe : |b Egmont, |c 2023 | |
| 300 | |a 88 nečíslovaných stran : |b barevné ilustrace ; |c 26 cm | ||
| 336 | |a text |b txt |2 rdacontent | ||
| 336 | |a statický obraz |b sti |2 rdacontent | ||
| 337 | |a bez média |b n |2 rdamedia | ||
| 338 | |a svazek |b nc |2 rdacarrier | ||
| 500 | |a Na hřbetu číslo svazku v sérii: 2 | ||
| 520 | 2 | |a Komiksová dobrodružství ježka Sonica známého z videoher a animovaných seriálů. | |
| 521 | 8 | |a Pro čtenáře od 8 let | |
| 655 | 7 | |a akční a dobrodružné komiksy |7 fd1057471 |2 czenas | |
| 655 | 7 | |a publikace pro děti |7 fd133156 |2 czenas | |
| 655 | 9 | |a action and adventure comics |2 eczenas | |
| 655 | 9 | |a children's literature |2 eczenas | |
| 700 | 1 | |a Yardley!, Tracy, |d 1979- |7 xx0307847 |4 ill | |
| 700 | 1 | |a Thomas, Adam Bryce, |d 1988- |7 xx0307852 |4 ill | |
| 700 | 1 | |a Stanley, Evan, |d 1992- |7 xx0307857 |4 ill | |
| 700 | 1 | |a Močková Lorková, Zuzana |7 ola20241219110 |4 trl | |
| 765 | 0 | |t Sonic the Hedgehog | |
| 900 | |a ABA001 |b 20 | ||
| 928 | 9 | |a Albatros Media - Egmont | |
| 044 | |a xr | ||
| 787 | 0 | 8 | |g 2 |i Z cyklu: |t Ježko Sonic |
| 910 | |a RBIT002 | ||
| 998 | |d 390158 |a https://core.palmknihy.cz/api/books/390158/cover?sexvcv |b https://core.palmknihy.cz/api/books/390158/cover/400?sexvcv |c https://core.palmknihy.cz/api/books/390158/cover/50?sexvcv |e 2027-06-30 |g 88 |i 9788025255971 |k https://core.palmknihy.cz/api/books/390158/preview.pdf |l |q 49 |r 1 |s https://www.palmknihy.cz/kniha/390158 |t ebook |y 2023 |z 0 |v Ježko Sonic |w 2 | ||
| 999 | |d 312154 | ||